Normal view
MARC view
Entry Personal Name
001 - CONTROL NUMBER
- control field: 1228294
003 - CONTROL NUMBER IDENTIFIER
- control field: OSt
005 - DATE AND TIME OF LATEST TRANSACTION
- control field: 20260324150957.0
008 - FIXED-LENGTH DATA ELEMENTS
- fixed length control field: 260324|| aca||aabn | a|a d
040 ## - CATALOGING SOURCE
- Original cataloging agency: OSt
- Transcribing agency: OSt
100 ## - HEADING--PERSONAL NAME
- Personal name: Ivor H. N. Evans
670 ## - SOURCE DATA FOUND
- Source citation: Work cat.: (OSt)1838649: Ivor H. N. Evans, Studies in Religion, Folk-Lore, and Custom in British North Borneo and the Malay Peninsula
